000 00716nas a2200241 4500
001 BR2013006287
003 BR-BrBNA
005 20231205122748.0
007 ta
008 230509b bl.|||p| |||| 00| 00por d
040 _aBR-BrBNA
_bpor
_cBiblioteca Nacional de Agricultura
041 _a(Pt)
072 _aB50; E50
100 1 _aPapavero, N.
100 1 _aLuz, J.R.P.
245 1 _aNotas sobre o bicho-da-seda no folclore chinês
650 _aBICHO DA SEDA
650 _aSERICULTURA
650 _aHISTÓRIA
773 0 _tRevista Brasileira de Entomologia (Brazil)
_xISSN 0085-5626
_g(Jan-Mar 2011), v. 55(1) p. 141-142
_wBR2013006287
909 _a202311
_bLúcia
_c55
_dLúcia Elande
942 _2AGRIS
_n0
_cANA
999 _c230422
_d230422